UN official language Countries - Statistics

General Stats
  • This quiz has been taken 32 times
    29 since last reset
  • The average score is 97 of 124
Answer Stats
Hint Answer % Correct
English USA
100%
Spanish Argentina
95%
Arabic Saudi Arabia
95%
English UK
95%
Arabic Algeria
89%
English Antigua & Barbuda
89%
English Barbados
89%
English/French Canada
89%
Chinese China
89%
French France
89%
English Ireland
89%
Spanish Mexico
89%
Arabic Morocco
89%
Russian Russia
89%
Spanish Spain
89%
English Australia
84%
English Bahamas
84%
Arabic Bahrain
84%
Russian Belarus
84%
French Belgium
84%
Spanish Bolivia
84%
English/French Cameroon
84%
French/Arabic Chad
84%
Spanish Chile
84%
Spanish Colombia
84%
French/Arabic Comoros
84%
Arabic Egypt
84%
French Haiti
84%
Spanish Honduras
84%
Arabic Iraq
84%
French Ivory Coast
84%
Arabic Jordan
84%
English Kenya
84%
Arabic Kuwait
84%
French Luxembourg
84%
French Madagascar
84%
English Malta
84%
Arabic Mauritania
84%
French Niger
84%
Arabic Oman
84%
Spanish Panama
84%
Spanish Peru
84%
Arabic Qatar
84%
English/Chinese Singapore
84%
Arabic Somalia
84%
English/Arabic Sudan
84%
Arabic Syria
84%
Chinese Taiwan
84%
English Tanzania
84%
Arabic Tunisia
84%
Spanish Uruguay
84%
Arabic Yemen
84%
English Zimbabwe
84%
French CAR
79%
Spanish Costa Rica
79%
Spanish Cuba
79%
French/Arabic Djibouti
79%
English Dominica
79%
Spanish Dominican Republic
79%
Spanish El Salvador
79%
French Guinea
79%
English India
79%
Russian Kazakhstan
79%
Arabic Lebanon
79%
Arabic Libya
79%
Arabic Mali
79%
English New Zealand
79%
Spanish Nicaragua
79%
English Nigeria
79%
English South Sudan
79%
English St Kitts & Nevis
79%
English St Vincent & The Grenadines
79%
French Switzerland
79%
English Trinidad & Tobago
79%
English Tuvalu
79%
Arabic UAE
79%
English Uganda
79%
English Zambia
79%
English Botswana
74%
French/Spanish Equatorial Guinea
74%
English Fiji
74%
English Ghana
74%
English Grenada
74%
Spanish Guatemala
74%
English Guyana
74%
English Jamaica
74%
English Lesotho
74%
English Nauru
74%
English Pakistan
74%
Spanish Paraguay
74%
English Philippines
74%
English/French Rwanda
74%
French Senegal
74%
English Sierra Leone
74%
English South Africa
74%
English St Lucia
74%
French Togo
74%
English/French Vanuatu
74%
Spanish Venezuela
74%
English Belize
68%
French Benin
68%
French Burkina Faso
68%
French Congo
68%
Spanish Ecuador
68%
French Gabon
68%
English Gambia
68%
English Liberia
68%
English Malawi
68%
English Marshall Islands
68%
French Monaco
68%
English Papua New Guinea
68%
English Samoa
68%
English Solomon Islands
68%
English Tonga
68%
English/French Burundi
63%
English Eswatini
63%
English Kiribati
63%
Russian Kyrgyzstan
63%
English Micronesia
63%
English Palau
63%
English/French Seychelles
63%
English Namibia
58%
Arabic Palestine
58%
French DRC
32%
No matching quizzes found
Score Distribution
Percent of People with Each Score
Percentile by Number Answered
Your Score History
You have not taken this quiz since the last reset